Представление документа в формате RUSMARC

ПолеНазваниеЗначение
  Тип записи a
  Библиографический уровень m
001 Контрольный номер 15c2e13c0fa743789832a480fb91a231
005 Дата корректировки 20260213092903.4
010 Индекс ISBN __
a ISBN 978-5-6051319-8-4
9 Тираж 100 экз.
b Уточнения в пер.
d Цена 700-00
100 Данные общей обработки __
a Данные общей обработки 20240930d2023 m y0rusy028902 ca
101 Язык документа 0_
a Язык текста rus
102 Страна публикации __
a Страна публикации RU
105 Кодированные данные (монография) __
a Кодированные данные (монография) y z 000ay
181 Поле кодированных данных: вид содержания _0
a Код вида содержания (ISBD) i
182 Поле кодированных данных: тип средства _0
a Код типа средства (ISBD) n
200 Заглавие и сведения об ответственности 1_
a Заглавие Остров неясных смертей
f Первые сведения об ответственности Олег Яненагорский
g Последующие сведения об ответственности [предисловие автора]
203 Вид содержания и тип средства __
a Вид содержания Текст
c Тип средства непосредственный
210 Выходные данные 1_
a Место издания Нижний Новгород
c Издательство [б. и.]
d Дата издания 2023
g Типография Радонеж
215 Физическое описание __
a Объем 283, [3] с.
d Формат 21 см
300 Общие примечания __
a Общие примечания На титульной странице автограф автора для С. А. Лагерева (1 экз.)
300 Общие примечания __
a Общие примечания Книга с экслибрисом С. А. Лагерева из личной библиотеки (1 экз.)
330 Аннотация __
a Аннотация О группе российских туристов, оставшихся на одиноком острове в Юго-Восточной Азии без теле- и радиосвязи с миром, о трупе в бассейне и наполовину пустой бутылке колы, о коротком полёте вниз головой с высокой скалы, о плавании с аквалангом и неожиданных находках. Будет рассказ о том, что в жизни часто существует бездонная пропасть между тем, что «кажется», и тем, что «есть на самом деле». Может быть, так и надо было назвать повесть — «Рассказ о пропасти»? Это будет рассказ о жизни, смерти и любви, о том, как порой незначительные слова и малозначительные поступки, а также совершенные и несовершенные преступления могут резко изменить жизненный путь конкретного человека. О случайностях в нашей жизни, которые влекут непредсказуемые последствия... И о том, что смерть иногда обостряет поиски смысла жизни и желание жить.
606 Тематические рубрики __
a Основная рубрика Художественная литература
2 Код системы nlr_sh
606 Тематические рубрики __
2 Код системы nlr_sh
a Основная рубрика Современная русская литература (произведения)
y Географическая подрубрика Тюменская область
y Географическая подрубрика Ханты-Мансийский автономный округ - Югра
y Географическая подрубрика ХМАО-Югра
y Географическая подрубрика Нижневартовск
610 Ключевые слова 0_
a Ключевые слова русская литература
610 Ключевые слова 0_
a Ключевые слова современная литература
610 Ключевые слова 0_
a Ключевые слова краеведение
610 Ключевые слова 0_
a Ключевые слова литературное краеведение
610 Ключевые слова 0_
a Ключевые слова повести
610 Ключевые слова 0_
a Ключевые слова проза
686 Индексы других классификаций __
2 Код системы rubbks
a Классификационный индекс К84(2=411.2)6-4
700 Автор _1
a Фамилия Яненагорский
b Имя О. А.
g Полное личное имя Олег Александрович
f Даты 1959-
4 Код отношения 070
4 Код отношения 080
4 Код отношения 450
c Титул (звания) Ширманов, Игорь Александрович
801 Источник записи _0
b Организация Муниципальное бюджетное учреждение культуры "Централизованная библиотечная система" г. Сургут (Центральная городская библиотека им. А. С. Пушкина)
a Страна RU
c Дата составления 20240930
g Правила каталогизации PSBO
852 Данные о местонахождении 5_
j Шифр хранения К84(2=411.2)6-4
i Авторский знак Я 60
900 Макрообъекты __
a Макрообъекты Остров неясных смертей. Яненагорский, О. А. Ширманов, Игорь Александрович., 2023
900 Макрообъекты __
a Макрообъекты Дарственная надпись автора (Остров неясных смертей. Яненагорская, О., 2023)
901 Тип документа __
a Ответственный КиК/Обаева
t Тип документа m
901 Тип документа __
a Ответственный 2 партия
903 Характеристики (МАРС) __
a Дата передачи 20240930; 20251204
c Наименование библиотеки (МАРС) Муниципальное бюджетное учреждение культуры "Централизованная библиотечная система" г. Сургут (Центральная городская библиотека им. А. С. Пушкина)
990 Данные о заказе (DOS) __
j Количество экземпляров (DOS) 1; 2
t N записи в КСУ для И/У (DOS) 202602; 202501